Simple object lessons for children. (Record no. 9939)

000 -LEADER
fixed length control field 00650nam a2200193 a 4500
001 - CONTROL NUMBER
control field :::00007724$&:&@@
003 - CONTROL NUMBER IDENTIFIER
control field OkBaRHE
005 - DATE AND TIME OF LATEST TRANSACTION
control field 20110318121616.0
008 - FIXED-LENGTH DATA ELEMENTS--GENERAL INFORMATION
fixed length control field s1986 j 000 0 eng u
040 ## - CATALOGING SOURCE
Transcribing agency
100 1# - MAIN ENTRY--PERSONAL NAME
Personal name Biller, Tom A. and Biller, Martie.
245 10 - TITLE STATEMENT
Title Simple object lessons for children.
260 ## - PUBLICATION, DISTRIBUTION, ETC. (IMPRINT)
Place of publication, distribution, etc Grand Rapids, MI., :
Name of publisher, distributor, etc Baker Book House
Date of publication, distribution, etc 1986
300 ## - PHYSICAL DESCRIPTION
Extent 225 p. ;
Dimensions 19 cm.
650 ## - SUBJECT ADDED ENTRY--TOPICAL TERM
Topical term or geographic name as entry element Object-teaching
700 ## - ADDED ENTRY--PERSONAL NAME
Personal name Miller, Martie, Joint author.
942 ## - ADDED ENTRY ELEMENTS (KOHA)
Source of classification or shelving scheme
Koha item type Books
Copies
Date acquired Current Location Shelving location Date last seen Price effective from Barcode Date checked out Copy number Koha item type Total Checkouts Damaged status Lost status Withdrawn status Permanent Location Not for loan Source of classification or shelving scheme Full call number
2010-04-14RHEMA Bible Training CollegeGeneral Stacks2011-03-182010-04-1477242011-03-051Books1   RHEMA Bible Training College  BV 1535 .B49